Wspomnienia z września 1939 r. w 1. Pułku Lotniczym w Warszawie-Okęciu

Titel: Wspomnienia z września 1939 r. w 1. Pułku Lotniczym w Warszawie-Okęciu
Verfasser:
In: Militaria Pomorskie, Heft 1 (2006), Seite 29-32
alle Artikel anzeigen
Veröffentlicht: 2006
Format: Aufsatz
Sprache: Polnisch
Schlagworte:
Kein Bild verfügbar
X
alg: 39441606
001A    $01999:12-11-16 
001B    $03025:25-02-26 $t09:04:08.000 
001C    $06050:22-11-16 $t06:56:00.000 
001D    $01999:12-11-16 
001U    $0utf8 
001X    $00 
002@    $0Aox 
003@    $0394416066 
007A    $0394416066 $aHEB 
007T    $0Herdk92154 
010@    $apol 
011@    $a2006 
021A    $aWspomnienia z września 1939 r. w 1. Pułku Lotniczym w Warszawie-Okęciu 
028A    $aRosołowski $dRoman 
031A    $e1 $h29-32 $j2006 
039B    $aIn $8--Abvc--. Militaria Pomorskie. - Bydgoszcz, 2000-. - ISSN 1640-8926 $x200600000000001971 $9314558195 
044K    $RWarschau $#Okęcie Warschau $74754248-2 $8Warschau-Okęcie [Tg1] $9115081968 
045F    $a900.943809043 $eDDC23BSB 
045F/01 $a900 
045F/03 $f09043 
045F/03 $f09044 
045F/03 $g438 
045T    $a7,41 

lok: 39441606 78

exp: 39441606 78 1 #EPN
201B/01 $008-11-17 $t21:46:01.000 
201U/01 $0utf8 
203@/01 $0790526476 
208@/01 $a12-11-16 $be 
209A/01 $a/ $f000 $x00 
220C/01 $aTitelaufnehmer: pbb 
220C/01 $aHerkunft: PBB/IH PAN 
244Z/01 $2Trx $#Poola $#Lenkija $#Polija $#Polen Land $#Poland $#Lengyelország $#Poľsko $#Polsko $8--Trx--Polska$gkraj $x01 $9391345966 
244Z/01 $2Trx $#Okęcie Warszawa $8--Trx--Warszawa-Okęcie $x02 $9391348353 
244Z/01 $#Warschau $#Warszawa $#Warszowa $#Varšava $#Varsovia $#Varsavia $#Varšavaq $#Varsó $#Miasto Stołeczne Warszawa $#Varsovie $#Warsaw $#Varšava $#Varšuva $#Varssavi $74079048-4 $8--Tg1--Warschau $x03 $9085224332 
244Z/01 $2Trx $#lennuplatsid $#oro uostai $#airports $#repülőterek $#lotniska $#letiská $#letiště $8--Trx--Flugplätze $x04 $9391361619 
244Z/01 $2Trx $#mälestused $#atsiminimai $#Memoirs $#emlékezések $#wspomnienia $#spomienky $#vzpomínky $#memuaarid $#Memoiren $#pamiętniki $#pamäti $#paměti $8--Trx--Erinnerungen $x05 $9391357727 
244Z/01 $2Trx $#maailmasõda, teine 1939-1945 $#Antrasis pasaulinis karas 1939-1945 $#World War, Second 1939-1945 $#világháború. második 1939-1945 $#wojna światowa, druga 1939-1945 $#vojna svetová II. 1939-1945 $#válka druhá světová 1939-1945 $#Zweiter Weltkrieg $8--Trx--Weltkrieg, Zweiter$g1939-1945 $x06 $939138239X 
244Z/01 $2Trx $8--Trx--Zeitschriftenaufsatz $x07 $9391384341 
245Z/01 $a03.04.03 $x01 
247C/01 $82080>Marburg/Lahn, Herder-Institut, Forschungsbibliothek, Bibliographieportal $9336309341
LEADER 00000caa a22000002c 4500
001 394416066
003 DE-603
005 20260225090408.0
007 tu
008 161112s2006 xx |||| | u00||u|pol c
035 |a (DE-599)HEB394416066 
040 |a DE-603  |b ger  |c DE-603  |d DE-603 
041 |a pol 
082 0 4 |8 1\u  |a 900.943809043  |q DE-101  |2 23/BSB 
084 |a 7,41  |2 ssgn 
085 |8 1\u  |b 900 
085 |8 1\u  |z 1  |s 09043 
085 |8 1\u  |z 1  |s 09044 
085 |8 1\u  |z 2  |s 438 
100 1 |a Rosołowski, Roman 
245 0 0 |a Wspomnienia z września 1939 r. w 1. Pułku Lotniczym w Warszawie-Okęciu 
264 0 |c 2006 
651 7 |a Warschau-Okęcie  |0 (DE-588)4754248-2  |0 (DE-603)115081968  |2 gnd 
773 0 8 |i In  |t Militaria Pomorskie  |d Bydgoszcz, 2000-  |x 1640-8926  |g Heft 1 (2006), Seite 29-32  |w (DE-603)314558195  |w (DE-600)2695894-6 
924 0 |9 2080  |a (DE-603)790526476  |b DE-2080  |c HES  |d d  |g /